| 000 | 00401nam a2200157Ia 4500 | ||
|---|---|---|---|
| 008 | 210716s2004 xx 000 0 und d | ||
| 020 | _a8174463623 | ||
| 041 | _aeng | ||
| 082 | _a658.8 JAYS | ||
| 100 | _aJayachandran, S. | ||
| 245 |
_aMarketing management: text and cases. _bText and cases. |
||
| 250 | _a1 | ||
| 260 |
_aNew Delhi _bExcel Books _c2004 |
||
| 300 | _axi, 505 | ||
| 650 | _aMarketing | ||
| 999 |
_c199406 _d199406 |
||